Southville International School and Colleges
Your cart is empty.
  • Cart
  • Lists
    Public lists Eva Luna New books Lux_list list_1
    Your lists Log in to create your own lists
  • Log in to your account
  • Your cookies
  • Search history
Southville International School and Colleges
  • Advanced search
  • Recent comments
  • Most popular
  • Libraries

Log in to your account

Log in with GOOGLE


If you do not have an external account, but do have a local account, you can still log in:

  1. Home
  2. MARC view: One dark and scary night. /
Normal view MARC view ISBD view

One dark and scary night. / (Record no. 102537)

[ view plain ]
MARC details
000 -LEADER
fixed length control field 00846nam a2200205 a 4500
005 - DATE AND TIME OF LATEST TRANSACTION
control field 20140412111237.0
008 - FIXED-LENGTH DATA ELEMENTS--GENERAL INFORMATION
fixed length control field 010710s19uu xx 00 eng d
020 ## - INTERNATIONAL STANDARD BOOK NUMBER
International Standard Book Number 0-590-51476-8
050 ## - LIBRARY OF CONGRESS CALL NUMBER
Classification number ER
Item number On2 1999
100 ## - MAIN ENTRY--PERSONAL NAME
Personal name Cosby, Bill, 1937
245 ## - TITLE STATEMENT
Title One dark and scary night. /
Statement of responsibility, etc Bill Cosby; illustrated by Varnette P. Honeywood.
260 ## - PUBLICATION, DISTRIBUTION, ETC. (IMPRINT)
Place of publication, distribution, etc New York :
Name of publisher, distributor, etc Scholastic Inc,
Date of publication, distribution, etc 1999.
300 ## - PHYSICAL DESCRIPTION
Extent 1v. (unp.) ; ill.
440 ## - SERIES STATEMENT/ADDED ENTRY--TITLE
Title Little Bill Books for beginning readers
520 ## - SUMMARY, ETC.
Summary, etc One night Little Bill is convinced there are mean things in his dark closet and that they are just dying to get him. Only when Alice the Great performs a magical tucking-in trick do the mean things go away for good.
650 ## - SUBJECT ADDED ENTRY--TOPICAL TERM
Topical term or geographic name as entry element Fear of the dark-Fiction
650 ## - SUBJECT ADDED ENTRY--TOPICAL TERM
Topical term or geographic name as entry element Great-grandmothers-Fiction
650 ## - SUBJECT ADDED ENTRY--TOPICAL TERM
Topical term or geographic name as entry element Afro-Americans-Fiction
Holdings
Withdrawn status Lost status Damaged status Use restrictions Home library Current library Shelving location Date acquired Source of acquisition Total Checkouts Full call number Barcode Date last seen Price effective from Koha item type
        Elizalde Library Elizalde Library Easy Reading Section 07/10/2001     ER On2 1999 E1999 04/12/2014 04/12/2014 Books

One dark and scary night. /

APA

Cosby B. 1., . (1999). One dark and scary night. New York: Scholastic Inc.

Chicago

Cosby Bill 1937, . 1999. One dark and scary night. New York: Scholastic Inc.

Harvard

Cosby B. 1., . (1999). One dark and scary night. New York: Scholastic Inc.

MLA

Cosby Bill 1937, . One dark and scary night. New York: Scholastic Inc. 1999.

  • Place hold
  • Print
  • Cite
  • Add to your cart (remove)
  • Save record
    BIBTEX Dublin Core MARCXML MARC (non-Unicode/MARC-8) MARC (Unicode/UTF-8) MARC (Unicode/UTF-8, Standard) MODS (XML) RIS
  • More searches
    Search for this title in:
    Other Libraries (WorldCat) Other Databases (Google Scholar) Online Stores (Bookfinder.com) Open Library (openlibrary.org)

Exporting to Dublin Core...

SOUTHVILLE LIBRARY

Southville International School and Colleges Library

1281 Tropical Ave. Cor. Luxembourg St., BF Homes International, Las Pinas City

Tel. No. 8256374 / 252358 Loc. 117/146

Powered by Koha